Serie Informe Sociedad y Polt̕ica

Bibliographic Details
Format: Journal
Published: Santiago de Chile: Fundacin̤ Libertad y Desarrollo, 2016
Subjects:
Online Access:Acceso restringido

MARC

LEADER 00000nas a22000007a 4500
005 20161204221142.0
007 cr|||| ||u|
008 161121c20169999Cl |||||o|||| 00| 0 Spa d
022 |a 0718-4093 
035 |a 14536 
040 |a vLex 
090 |c 6412  |d 6412 
245 0 0 |a Serie Informe Sociedad y Polt̕ica  |h [Recurso electrn̤ico] / 
256 |a Servicio en ln̕ea 
260 |a Santiago de Chile:  |b Fundacin̤ Libertad y Desarrollo,  |c 2016 
300 |a 1 Recurso electrn̤ico 
362 |a Num. 154 (2016)-  
506 1 |a Disponible en los productos indicados  |d vLex Global  |d vLex Global (Academic Edition, excluding Law Schools)  |d vLex Global (U.S. Academic Edition, Law Schools)  |d vLex Global (U.S. Academic Edition, excluding Law Schools)  |d vLex Global (Academic Edition, Law Schools) 
650 0 4 |a Derecho Pb︢lico y Administrativo  |z Chile 
650 0 4 |a Derecho Civil  |z Chile 
650 0 4 |a Ciencias sociales  |z Chile 
740 0 |a vLex libros (servicio en ln̕ea) 
856 4 0 |u http://vlex.com/source/14536  |z Acceso restringido 
942 |c REV 
999 0 |a Public and Administrative Law 
999 0 |a Civil Law 
999 0 |a Social Sciences